| 000 | 00600nam a2200181 a 4500 | ||
|---|---|---|---|
| 001 | 000048707 | ||
| 005 | 20240307183156.0 | ||
| 008 | 190410s2016 dr a 000 0 spa d | ||
| 020 | _a9789945890235 | ||
| 040 |
_aDO-SdBNP _bspa _cBNPHU |
||
| 082 |
_axx _bxx |
||
| 100 | 1 |
_aCabral, Euri _91097 |
|
| 245 | 1 | 0 |
_aMatrimonios sanos y felices : _bsembrando valores para lograrlo / _cEuri Cabral, Zinayda Rodríguez. |
| 260 |
_aSanto Domingo, República Dominicana : _bEditorial Ianna, _c2016. |
||
| 300 |
_a213 p. : _bil. ; _c17 cm. |
||
| 590 | _aInventariado, 2019/VM | ||
| 700 | 1 |
_aRodríguez, Zinayda _976164 |
|
| 999 |
_c48195 _d48195 |
||